000 00710nam a2200229Ii 4500
003 JO-AjNU
008 230605s9999||||xx |||||||||||||| ||und||
017 _a2014/9/4244
020 _a978-9957-77-349-6
040 _aJO-AjNU
_bara
_erda
_cJO-AjNU
041 _aara
050 1 4 _aPJ7860 2015
100 3 _aالسائح، وحيد فائز ,
_eauthor
_950036
245 0 0 _aأزهار الخريف
250 _aط1
264 3 1 _aعمان: دار المأمون اانشر والتوزيع، 2015
300 _a138ص
336 _atext
_btxt
_2rdacontent
337 _aunmediated
_bn
_2rdamedia
338 _avolume
_bnc
_2rdacarrier
650 4 _aالشعر العربي - العصر الحديث
_950037
999 _aA22015
_c25583
_d25583